FIVB Top 30 Volleyball World Ranking - Women 2020 - Statistics

General Stats
  • This quiz has been taken 371 times
  • The average score is 21 of 30
Answer Stats
Rank National Team WR Score % Correct
2 USA 382
98%
3 Brazil 328
96%
1 China 391
96%
7 Japan 277
94%
4 Italy 300
93%
13 Poland 231
90%
8 Russia 275
90%
6 Serbia 280
90%
5 Turkey 285
89%
12 Germany 240
87%
11 Netherlands 253
86%
10 South Korea 261
85%
18 Canada 173
78%
17 Argentina 174
77%
15 Thailand 198
73%
14 Belgium 207
72%
20 Bulgaria 160
70%
9 Dominican Republic 272
69%
27 Mexico 126
61%
28 Peru 125
56%
22 Czech Republic 146
55%
25 Croatia 131
52%
19 Colombia 168
50%
23 Kenya 141
46%
30 Slovenia 122
46%
29 Slovakia 123
41%
21 Kazakhstan 157
35%
26 Azerbaijan 127
34%
16 Puerto Rico 176
33%
24 Cameroon 134
31%
No matching quizzes found
Score Distribution
Percent of People with Each Score
Percentile by Number Answered
Your Score History
You have not taken this quiz